[Event "AUTO-MASTER-1757"]
[Site "http://www.queenalice.com/game.php?id=1196311"]
[Date "2013.7.2"]
[Round "2"]
[White "Emmanuel_BR"]
[Black "steinie"]
[Result "0-1"]
[WhiteElo "2232"]
[BlackElo "2261"]

1. e4 c5 2. Nf3 Nc6 3. d4 cxd4 4. Nxd4 e5 5. Nb5 Nf6 6. N1c3 d6 7. Bg5 a6 8. Na3
Be7 9. Qd2 b5 10. Bxf6 Bxf6 11. Nd5 Bg5 12. Qc3 Bb7 13. Qg3 O-O 14. Bd3 f5 15.
exf5 e4 16. f6 Bxf6 17. Nxf6+ Qxf6 18. Be2 e3 19. O-O-O exf2 20. Rxd6 Qe7 21.
Bf3 Ne5 0-1

[Event "AUTO-MASTER-1757"]
[Site "http://www.queenalice.com/game.php?id=1196312"]
[Date "2013.7.2"]
[Round "2"]
[White "steinie"]
[Black "Emmanuel_BR"]
[Result "0-1"]
[WhiteElo "2332"]
[BlackElo "2189"]

1. c4 Nf6 2. Nc3 g6 3. e4 d6 4. d4 Bg7 5. h3 O-O 6. Bg5 Na6 7. Bd3 Nb4 8. Be2 c6
9. a3 Na6 10. Nf3 h6 11. Be3 Nc7 12. O-O Nd7 13. Qd2 Kh7 14. Nh4 e5 0-1

[Event "AUTO-OPEN-2917"]
[Site "http://www.queenalice.com/game.php?id=1203219"]
[Date "2013.7.28"]
[Round "2"]
[White "Emmanuel_BR"]
[Black "avian"]
[Result "1-0"]
[WhiteElo "2212"]
[BlackElo "1831"]

1. e4 e6 2. d4 d5 3. Nd2 c5 4. Ngf3 Nc6 5. exd5 exd5 6. Bb5 cxd4 7. Nxd4 Qc7 8.
O-O Be7 9. Re1 Bd7 10. N2f3 Nf6 11. Bxc6 bxc6 12. Nh4 Kf8 13. Nhf5 Bxf5 14. Nxf5
Ne4 15. Nxe7 Qxe7 16. f3 Qc5+ 17. Be3 Qd6 18. fxe4 f6 19. exd5 cxd5 20. c4 Kf7
21. Qxd5+ Qxd5 22. cxd5 Rhd8 23. Red1 a6 24. Bc5 Rd7 25. d6 Rb8 26. b4 a5 27. a3
axb4 28. Bxb4 Rb6 29. Rac1 Ke6 30. Re1+ Kf7 31. Re7+ Rxe7 32. dxe7 Rb8 33. Rd1
Re8 34. Rd8 h5 35. a4 g5 36. a5 1-0

[Event "AUTO-OPEN-2917"]
[Site "http://www.queenalice.com/game.php?id=1203220"]
[Date "2013.7.28"]
[Round "2"]
[White "avian"]
[Black "Emmanuel_BR"]
[Result "0-1"]
[WhiteElo "1846"]
[BlackElo "2213"]

1. d4 Nf6 2. c4 g6 3. Nc3 d5 4. Nf3 Bg7 5. Bg5 Ne4 6. Nxd5 Nxg5 7. Nxg5 e6 8.
Nxc7+ Qxc7 9. b3 Qa5+ 10. Qd2 Qxd2+ 11. Kxd2 Bxd4 12. Rc1 Bc5 13. e3 Ke7 14. Ne4
Bb4+ 15. Nc3 Nc6 16. Bd3 Ne5 17. Bb1 Bd7 18. Ke2 Bxc3 19. Rxc3 Bc6 20. f3 a5 21.
a4 Nd7 22. Bc2 Rad8 23. Rd3 Nc5 24. Rxd8 Rxd8 25. h3 Na6 26. Bb1 f5 27. Rd1 Rxd1
28. Kxd1 e5 29. Kd2 Kf6 30. Bd3 e4 31. fxe4 Bxe4 32. Bxe4 fxe4 33. Kc3 Ke5 34.
Kd2 Kd6 35. Kc3 Kc5 36. g3 h5 37. g4 Nc7 38. gxh5 gxh5 39. Kc2 Kb4 40. Kb2 Ne6
41. Kc2 Nc5 42. Kb2 Nxb3 0-1

[Event "AUTO-OPEN-2917"]
[Site "http://www.queenalice.com/game.php?id=1203221"]
[Date "2013.7.28"]
[Round "2"]
[White "Emmanuel_BR"]
[Black "szachista92"]
[Result "0-1"]
[WhiteElo "2221"]
[BlackElo "2258"]

1. e4 e5 2. Nf3 Nf6 3. d4 Nxe4 4. Bd3 d5 5. Nxe5 Bd6 6. O-O O-O 7. c4 c6 8. Qc2
f5 9. f3 Ng5 10. Nc3 Bxe5 11. dxe5 d4 12. Bxg5 Qxg5 13. f4 Qe7 14. Ne2 c5 15.
Ng3 g6 16. Be2 Nc6 17. Bf3 Nd8 18. Ne2 Rb8 19. Rfd1 Be6 20. b4 b6 21. Rab1 Nf7
22. Bd5 Rfd8 23. Qb3 Kg7 24. Nc1 Qd7 25. Nd3 Bxd5 26. cxd5 Qxd5 27. Qxd5 Rxd5
28. bxc5 Nd8 29. Rdc1 Ne6 30. Kf2 Rc8 31. cxb6 Rxc1 32. Rxc1 axb6 33. Rc6 Nd8
34. Rxb6 Ra5 35. Nb4 Kf7 36. Rf6+ Ke8 37. Rd6 Ra4 38. Rxd4 Ne6 39. Rc4 Kd7 40.
g3 h5 41. Kf3 Ra3+ 42. Kg2 Ra4 0-1

[Event "AUTO-OPEN-2917"]
[Site "http://www.queenalice.com/game.php?id=1203222"]
[Date "2013.7.28"]
[Round "2"]
[White "szachista92"]
[Black "Emmanuel_BR"]
[Result "1-0"]
[WhiteElo "2269"]
[BlackElo "2210"]

1. e4 e6 2. d4 d5 3. Nc3 Bb4 4. e5 Ne7 5. a3 Bxc3+ 6. bxc3 b6 7. Bd3 Ba6 8. Nh3
Bxd3 9. Qxd3 h6 10. O-O Nbc6 11. f4 Na5 12. Nf2 Nc4 13. Kh1 Qd7 14. a4 Nc6 15.
Nd1 O-O-O 16. Ba3 g6 17. Bb4 a5 18. Ba3 Kb7 19. Ne3 Nxe3 20. Qxe3 h5 21. Qd3 Na7
22. Bb2 Qc6 23. Rf3 Nc8 24. Ba3 Qxa4 25. Rff1 Qc4 26. Qe3 Rd7 27. Rfb1 Ka6 28.
Rb3 Ne7 29. Bxe7 Rxe7 30. Rb4 Qc6 31. Qe2+ b5 32. Qf1 Rb8 33. Rba4 Kb7 34. Rxa5
Kc8 35. Qd3 Qc4 36. Qg3 Qe2 37. h3 Qxc2 38. Qg5 Kd7 39. Ra7 Qxc3 40. R1a6 Ree8
41. Qf6 Rf8 42. Rd6+ 1-0

[Event "AUTO-OPEN-2960"]
[Site "http://www.queenalice.com/game.php?id=1212352"]
[Date "2013.8.28"]
[Round "2"]
[White "Rusty"]
[Black "Emmanuel_BR"]
[Result "1-0"]
[WhiteElo "2443"]
[BlackElo "2193"]

1. d4 Nf6 2. Nf3 d5 3. e3 Bf5 4. c4 e6 5. Qb3 b6 6. cxd5 exd5 7. Nc3 Be7 8. Ne5
O-O 9. Bd2 c6 10. Rc1 Nfd7 11. Nxc6 Nxc6 12. Qxd5 1-0

[Event "AUTO-OPEN-2960"]
[Site "http://www.queenalice.com/game.php?id=1212353"]
[Date "2013.8.28"]
[Round "2"]
[White "Emmanuel_BR"]
[Black "Rusty"]
[Result "0-1"]
[WhiteElo "2123"]
[BlackElo "2442"]

1. e4 e5 2. Nf3 Nc6 3. Bb5 a6 4. Ba4 Nf6 5. d3 b5 6. Bb3 Be7 7. c3 d6 8. Nbd2
O-O 9. Nf1 Na5 10. Bc2 Bg4 11. h3 Bh5 12. Ng3 Bg6 13. Nh4 d5 14. Nxg6 fxg6 15.
exd5 Nxd5 16. O-O Qd7 17. Qe2 Rae8 18. Bd2 c5 19. Rad1 c4 20. dxc4 Nxc4 21. Bc1
Qe6 22. Bb3 Nf4 23. Qe4 Qc8 24. Qxe5 Bc5 25. Qg5 h6 26. Qh4 g5 27. Qg4 Qxg4 28.
hxg4 Ne2+ 29. Nxe2 Rxe2 0-1

[Event "AUTO-OPEN-2960"]
[Site "http://www.queenalice.com/game.php?id=1212356"]
[Date "2013.8.28"]
[Round "2"]
[White "lupengui"]
[Black "Emmanuel_BR"]
[Result "1-0"]
[WhiteElo "2883"]
[BlackElo "2217"]

1. e4 d5 2. exd5 Qxd5 3. Nc3 Qd6 4. Nf3 Bg4 5. d4 Nf6 6. h3 Bh5 7. Be2 e6 8. Nb5
Qd8 9. c4 c6 10. Nc3 Be7 11. O-O O-O 12. Bf4 Bd6 13. Ne5 Bxe2 14. Qxe2 Bc7 15.
Rad1 Nbd7 16. Rd3 Ba5 17. Rfd1 Bxc3 18. Rxc3 Qa5 19. Rg3 Kh8 20. Nxd7 Nxd7 21.
d5 cxd5 22. cxd5 1-0

[Event "AUTO-OPEN-2960"]
[Site "http://www.queenalice.com/game.php?id=1212357"]
[Date "2013.8.28"]
[Round "2"]
[White "Emmanuel_BR"]
[Black "lupengui"]
[Result "0-1"]
[WhiteElo "2200"]
[BlackElo "2885"]

1. e4 c5 2. Nf3 d6 3. Bb5+ Bd7 4. Bxd7+ Qxd7 5. O-O Nc6 6. Nc3 Nf6 7. Re1 e6 8.
d3 Be7 9. b3 O-O 10. Ne2 Qc7 11. Bb2 d5 12. exd5 exd5 13. Ng3 d4 14. Bc1 Rfe8
15. Bd2 h6 16. Nf5 Bf8 17. g3 Qd7 18. Rxe8 Rxe8 19. N5h4 Bd6 20. Qf1 g5 21. Ng2
Qg4 22. Nge1 Nd5 23. Qg2 Qf5 24. Qf1 Kg7 0-1

[Event "AUTO-MASTER-1809"]
[Site "http://www.queenalice.com/game.php?id=1215187"]
[Date "2013.9.8"]
[Round "2"]
[White "npeter"]
[Black "Emmanuel_BR"]
[Result "1-0"]
[WhiteElo "2206"]
[BlackElo "2121"]

1. d4 Nf6 2. c4 e6 3. Nc3 b6 4. Nf3 Bb7 5. a3 Be7 6. d5 O-O 7. e4 exd5 8. cxd5
d6 9. Bd3 Nbd7 10. Bf4 Re8 11. O-O Nh5 12. Be3 Bf6 13. Nd4 Bxd4 14. Bxd4 Qh4 15.
Re1 1-0

[Event "AUTO-MASTER-1809"]
[Site "http://www.queenalice.com/game.php?id=1215188"]
[Date "2013.9.8"]
[Round "2"]
[White "Emmanuel_BR"]
[Black "npeter"]
[Result "0-1"]
[WhiteElo "2112"]
[BlackElo "2215"]

1. e4 c5 2. Nf3 d6 3. Bb5+ Bd7 4. Bxd7+ Qxd7 5. O-O Nc6 6. Re1 Nf6 7. b3 g6 8.
Bb2 Bg7 9. Nc3 Nh5 10. Qc1 O-O 11. d3 f5 12. Nd5 Bxb2 13. Qxb2 fxe4 14. Rxe4
Rxf3 15. gxf3 Qf5 0-1

[Event "AUTO-MASTER-1809"]
[Site "http://www.queenalice.com/game.php?id=1215191"]
[Date "2013.9.8"]
[Round "2"]
[White "Emmanuel_BR"]
[Black "HILITO"]
[Result "1-0"]
[WhiteElo "2212"]
[BlackElo "1847"]

1. e4 c6 2. d4 d5 3. exd5 cxd5 4. Bd3 Nf6 5. h3 g6 6. Nf3 Bg7 7. O-O O-O 8. Re1
Nc6 9. Bf4 a6 10. c3 Bd7 11. Qd2 b5 12. Bh6 Na5 13. Bxg7 Kxg7 14. Qe2 e6 15.
Nbd2 Nc4 16. Nb3 1-0

[Event "AUTO-MASTER-1809"]
[Site "http://www.queenalice.com/game.php?id=1215192"]
[Date "2013.9.8"]
[Round "2"]
[White "HILITO"]
[Black "Emmanuel_BR"]
[Result "0-1"]
[WhiteElo "1849"]
[BlackElo "2211"]

1. e4 e6 2. d3 d5 3. Nd2 e5 4. Ngf3 Nc6 5. g3 Nf6 6. Bg2 dxe4 7. dxe4 Bc5 8. O-O
O-O 9. c3 Bg4 10. Qc2 a5 11. Nc4 Bxf3 12. Bxf3 Qd7 13. Rd1 Qh3 14. Bg2 Qh5 15.
Be3 Be7 0-1

[Event "Duduca10"]
[Site "http://www.queenalice.com/game.php?id=1225088"]
[Date "2013.10.16"]
[Round "2"]
[White "Emmanuel_BR"]
[Black "spawnwolfwolverine"]
[Result "0-1"]
[WhiteElo "2145"]
[BlackElo "1804"]

1. e4 e5 2. Nf3 d6 3. d4 exd4 4. Nxd4 Bd7 5. Bc4 Nc6 6. Nc3 Nxd4 7. Qxd4 Nf6 8.
Bg5 Be7 9. O-O O-O 10. Rfe1 a6 11. Rad1 b5 12. Bd3 c5 13. Qe3 b4 14. Bxf6 Bxf6
15. Nd5 Bb5 16. Nxf6+ Qxf6 17. e5 Qxe5 18. Qxe5 dxe5 19. Rxe5 Bxd3 20. Rxd3 Rfc8
21. Kf1 a5 22. Rdd5 g6 23. Rxc5 Rxc5 24. Rxc5 h5 25. c4 bxc3 26. bxc3 f5 27. Rc7
a4 28. g3 Ra6 0-1